| 000 | 00631nam a2200181 a 4500 | ||
|---|---|---|---|
| 005 | 20210223122212.0 | ||
| 008 | 991125s1988 mx 000 0 spa u | ||
| 035 | _aUPN01000031069 | ||
| 049 | _aCG | ||
| 050 | 4 |
_aHB850 _bC6.4 |
|
| 110 | 2 | _aConsejo Nacional de Población (México) | |
| 245 | 1 | 0 |
_aInforme del proyecto de educación en población en comunidades rurales (documento preliminar) / _cConsejo Nacional de Población. |
| 260 |
_aMéxico : _bCONAPO, _c1988. |
||
| 300 |
_a475 p. : _bil. |
||
| 650 | 4 |
_aPOBLACION - _xESTUDIO Y ENSEÑANZA _91184 |
|
| 610 | 2 | 4 |
_aPROGRAMA NACIONAL DE POBLACION (MEXICO) _913789 |
| 905 | _aLibro | ||
| 999 |
_c31069 _d31069 |
||